000 01114nam0a22002651 4500
001 v19\rc\1886180
005 20251118180344.1
035 _a(NLR Aleph) 004974698
090 _a6121761
_c6121761
100 _a20080221d1910 |||y0rusy50 ca
101 0 _arus
102 _aRU
105 _ay z |||||
200 1 _aИскусство изучать математические, технические и другие науки
_eДля учащихся в ст. кл. сред. учеб. заведений, для готовящихся к конкурс. экзаменам, для студентов математиков и студентов спец. учеб. заведений
_fИнж. Л. Стукачев
210 _aМосква
_cтип. Г. Лисснера и Д. Собко
_d1910
215 _a52 с.
_d23
700 1 _aСтукачев
_bЛ. И.
_gЛеонид Иванович
801 0 _aRU
_bNLR
_gpsbo
801 0 _aRU
_bRuMoRGB
_2psbo
801 1 _aRU
_bProSoft-M
_2rusmarc
852 _aNLR
_j20.107.8.185
899 _aRuMoRGB
_jU 74/177
899 _aБАН
942 _cBOOK
980 _aNB